Jupiler Pro League Most Matches Per Club (2000-) - Statistics

General Stats
  • This quiz has been taken 22 times
  • The average score is 28 of 430
Answer Stats
Club Rank Player Positions Nationality Matches Goals (assists) % Correct
Club Brugge KV 1 Hans Vanaken AM 298 86 (72)
84%
Club Brugge KV 7 Simon Mignolet GK 185 0 (0)
74%
Club Brugge KV 2 Brandon Mechele CB 285 15 (7)
63%
Club Brugge KV 6 Ruud Vormer CM 211 43 (65)
63%
Club Brugge KV 3 Timmy Simons DM 278 38 (15)
58%
KRC Genk 8 Jelle Vossen ST 158 65 (22)
53%
KVC Westerlo 7 Sadio Ba RB 127 3 (1)
53%
RAA La Louviere (- 2009) 2 Silvio Proto GK 114 0 (0)
53%
RSC Anderlecht 2 Silvio Proto GK 224 0 (3)
53%
RSC Anderlecht 1 Olivier Deschacht CB 395 8 (21)
42%
Zulte Waregem 1 Sammy Bossut GK 378 0 (5)
42%
KRC Genk 1 Thomas Buffel RW 235 34 (42)
42%
Union Saint-Gilloise 1 Anthony Moris GK 126 0 (0)
37%
KVRS Waasland - SK Beveren 4 Laurent Jans RB 81 2 (8)
37%
Royal Antwerp FC 10 Sinan Bolat GK 86 0 (0)
37%
KAA Gent 2 Sven Kums CM 211 21 (26)
37%
Royal Antwerp FC 10 Toby Alderweireld CB 86 11 (9)
37%
KSC Lokeren (-2020) 2 Boubacar Copa GK 214 1 (0)
32%
KSK Beveren (-2010) 3 Boubacar Copa GK 103 0 (1)
32%
Union Saint-Gilloise 2 Christian Burgess CB 108 8 (2)
32%
KRC Genk 9 Elyaniv Barda ST 149 49 (37)
32%
Club Brugge KV 8 Gert Verheyen RW 182 76 (46)
32%
Royal Antwerp FC 4 Jean Butez GK 116 0 (0)
32%
KSC Lokeren (-2020) 1 Killian Overmeire DM 388 12 (10)
32%
KAA Gent 4 Laurent Depoitre ST 164 50 (23)
32%
KVC Westerlo 10 Mario Verheyen CB 120 4 (3)
32%
Royal Antwerp FC 10 Vincent Janssen ST 86 36 (16)
32%
KRC Genk 2 Bryan Heynen CM 223 26 (22)
26%
Zulte Waregem 3 Davy De fauw RB 194 17 (15)
26%
RSC Anderlecht 4 Lucas Biglia DM 187 11 (37)
26%
KRC Genk 6 Patrik Hrosovsky CM 161 16 (16)
26%
Royal Antwerp FC 1 Ritchie De Laet RB 134 2 (8)
26%
Union Saint-Gilloise 6 Teddy Teuma CM 64 15 (18)
26%
KV Oostende (-2024) 1 Fernando Canesin AM 168 19 (30)
21%
KV Kortrijk 8 Hannes Van Der Bruggen DM 106 4 (8)
21%
KAS Eupen 5 Hendrik Van Crombrugge GK 87 0 (0)
21%
KAS Eupen 5 Luis García CM 87 17 (16)
21%
Zulte Waregem 6 Mbaye Leye ST 146 63 (20)
21%
KAA Gent 3 Nana Asare LB 167 3 (10)
21%
KSC Lokeren (-2020) 9 Nill De Pauw RW 146 22 (21)
21%
Union Saint-Gilloise 10 Noah Sadiki CM 56 1 (4)
21%
Standard Liège 5 Paul-José Mpoku AM 140 28 (28)
21%
Beerschot VA 1 Raphael Holzhauser AM 64 19 (23)
21%
KV Kortrijk 5 Teddy Chevalier ST 132 38 (24)
21%
KSC Lokeren (-2020) 5 Arnar Vidarsson DM 174 4 (13)
16%
Royal Antwerp FC 9 Aurélio Buta RB 96 2 (18)
16%
Standard Liège 9 Axel Witsel CB 132 28 (11)
16%
Union Saint-Gilloise 6 Bart Nieuwkoop RB 64 6 (7)
16%
KAA Gent 6 Bojan Jorgacevic GK 131 0 (0)
16%
Union Saint-Gilloise 5 Cameron Puertas AM 69 10 (17)
16%
KFC Lommel SK (- 2003) 2 Carl Hoefkens RB 55 3 (0)
16%
Royal Antwerp FC 5 Faris Haroun CM 112 9 (6)
16%
Excelsior Mouscron (-2009) 4 Francky Vandendriessche GK 139 0 (1)
16%
RSC Anderlecht 3 Guillaume Gillet DM 207 39 (33)
16%
KAA Gent 7 Jacky Peeters RB 119 3 (12)
16%
Royal Antwerp FC 8 Jelle Bataille RB 103 1 (6)
16%
AFC Tubize 3 Jérémy Perbet ST 31 13 (2)
16%
Zulte Waregem 2 Karel D'Haene CB 234 14 (8)
16%
KV Oostende (-2024) 2 Kevin Vandendriessche DM 158 10 (11)
16%
Mouscron-Péruwelz 6 Kevin Vandendriessche DM 29 3 (3)
16%
KSC Lokeren (-2020) 6 Koen Persoons DM 170 13 (9)
16%
Standard Liège 2 Konstantinos Laifis CB 200 9 (8)
16%
KV Kortrijk 2 Kristof D'Haene LB 184 8 (23)
16%
KV Mechelen 9 Mats Rits DM 128 15 (17)
16%
Standard Liège 1 Mehdi Carcela-González RW 202 30 (34)
16%
KV Mechelen 4 Nikola Storm LW 157 35 (26)
16%
Standard Liège 6 Oguchi Onyewu CB 139 11 (8)
16%
RSC Anderlecht 5 Roland Juhász CB 181 17 (8)
16%
KV Mechelen 2 Seth De Witte CB 165 20 (6)
16%
Oud-Heverlee Leuven 1 Siebe Schrijvers CM 117 15 (10)
16%
KAS Eupen 3 Stef Peeters CM 94 12 (20)
16%
KAA Gent 8 Thomas Foket RB 114 2 (11)
16%
Sint-Truidense VV 8 Yohan Boli ST 112 39 (8)
16%
KRC Genk 4 Anele Ngcongca RB 174 5 (7)
11%
KV Kortrijk 4 Brecht Capon RB 141 4 (11)
11%
KV Oostende (-2024) 3 Brecht Capon RB 156 7 (8)
11%
KAA Gent 5 Brecht Dejaegere CM 159 16 (23)
11%
Sint-Truidense VV 10 Daniel Schmidt GK 110 0 (0)
11%
KFC Lommel SK (- 2003) 4 Dirk Schoofs DM 50 1 (0)
11%
Oud-Heverlee Leuven 8 Ewoud Pletinckx CB 73 4 (2)
11%
KV Kortrijk 10 Faïz Selemani LW 94 30 (16)
11%
KV Oostende (-2024) 10 Fashion Sakala ST 80 24 (6)
11%
Oud-Heverlee Leuven 10 Federico Ricca CB 68 3 (1)
11%
KV Mechelen 3 Geoffry Hairemans RW 161 28 (24)
11%
Standard Liège 7 Gojko Cimirot DM 138 1 (6)
11%
RFC Seraing 4 Guillaume Dietsch GK 56 0 (0)
11%
Heusden-Zolder SK 2 Igor de Camargo ST 33 9 (3)
11%
Standard Liège 3 Igor de Camargo ST 158 44 (21)
11%
Union Saint-Gilloise 9 Ismaël Kandouss CB 58 2 (0)
11%
Beerschot VA 6 Jan Van den Bergh CB 54 6 (4)
11%
Club Brugge KV 10 Jonathan Blondel DM 169 10 (9)
11%
Sint-Truidense VV 6 Jorge Teixeira CB 120 6 (1)
11%
KV Mechelen 9 Kerim Mrabti AM 128 26 (18)
11%
Union Saint-Gilloise 8 Koki Machida CB 61 0 (1)
11%
Union Saint-Gilloise 4 Lazare Amani CM 92 4 (10)
11%
Union Saint-Gilloise 3 Loïc Lapoussin LM 95 11 (15)
11%
Royal Charleroi SC 4 Marco Ilaimaharitra DM 188 13 (13)
11%
Oud-Heverlee Leuven 2 Mathieu Maertens AM 102 19 (9)
11%
Beerschot VA 2 Mike Vanhamel GK 57 0 (1)
11%
FC Molenbeek Brüssel 8 Musaba Selemani LW 31 2 (1)
11%
FC Molenbeek Brüssel Strombeek 9 Musaba Selemani LW 21 1 (1)
11%
Beerschot VA 8 Musashi Suzuki ST 51 7 (2)
11%
Sint-Truidense VV 2 Nicky Hayen CB 220 3 (4)
11%
Club Brugge KV 4 Philippe Clement CB 225 35 (11)
11%
Standard Liège 10 Réginal Goreux RB 130 6 (14)
11%
KV Mechelen 1 Rob Schoofs CM 193 28 (35)
11%
KSC Lokeren (-2020) 4 Rúnar Kristinsson AM 193 40 (48)
11%
KAS Eupen 4 Smail Prevljak ST 92 35 (11)
11%
FCV Dender EH 2 Steven De Petter DM 48 3 (2)
11%
Cercle Brugge 4 Stijn De Smet AM 152 32 (21)
11%
KV Kortrijk 9 Stijn De Smet AM 104 14 (17)
11%
Heusden-Zolder SK 4 Takayuki Suzuki ST 30 5 (4)
11%
Cercle Brugge 6 Thibo Somers RW 145 20 (14)
11%
Sint-Truidense VV 7 Wolke Janssens CB 119 2 (3)
11%
KSC Lokeren (-2020) 10 Aboubacar M'Baye Camara AM 137 13 (7)
5%
KVRS Waasland - SK Beveren 5 Aleksandar Boljevic RW 74 5 (13)
5%
Royal Excel Mouscron (-2022) 10 Alessandro Ciranni RB 49 3 (7)
5%
RFC Seraing 5 Antoine Bernier RW 51 4 (9)
5%
KSC Lokeren (-2020) 8 Arnar Grétarsson CM 157 37 (20)
5%
Standard Liège 4 Arnaud Bodart GK 153 1 (1)
5%
KSK Beveren (-2010) 10 Arsene Né CB 78 3 (2)
5%
KSC Eendracht Aalst 6 Björn De Wilde ST 39 8 (5)
5%
KSV Roeselare (-2020) 9 Björn Smits DM 65 7 (5)
5%
KAS Eupen 9 Boris Lambert DM 79 6 (2)
5%
FC Brüssel 6 Christ Bruno LB 23 1 (0)
5%
FC Molenbeek Brüssel 5 Christ Bruno LB 49 3 (0)
5%
FC Molenbeek Brüssel Strombeek 5 Christ Bruno LB 24 2 (2)
5%
KVRS Waasland - SK Beveren 7 Colin Coosemans GK 70 0 (0)
5%
RFC Seraing 9 Daniel Opare RB 35 0 (0)
5%
RSC Anderlecht 10 Daniel Zitka GK 144 0 (0)
5%
Sint-Truidense VV 4 Désiré M'Bonabucya ST 140 58 (29)
5%
Heusden-Zolder SK 1 Dimitri De Condé CM 34 8 (8)
5%
Mouscron-Péruwelz 10 Dimitri Mohamed LB 24 1 (0)
5%
Royal Excel Mouscron (-2022) 1 Dimitri Mohamed LB 110 7 (5)
5%
RAA La Louviere (- 2009) 9 Domenico Olivieri DF 73 0 (1)
5%
Royal Charleroi SC 8 Dorian Dessoleil CB 154 10 (3)
5%
KVRS Waasland - SK Beveren 2 Erdin Demir LB 87 1 (5)
5%
FC Brüssel 10 Eric Deflandre RB 14 0 (0)
5%
FCV Dender EH 7 Eric Deflandre RB 35 0 (1)
5%
KRC Genk 5 Eric Matoukou CB 168 6 (1)
5%
Royal Excel Mouscron (-2022) 2 Fabrice Olinga LW 102 6 (13)
5%
RSC Anderlecht 6 Francis Amuzu LW 171 20 (20)
5%
KV Oostende (-2024) 5 Franck Berrier AM 110 13 (29)
5%
Club Brugge KV 5 Gaëtan Englebert CM 223 19 (42)
5%
KV Kortrijk 3 Gertjan De Mets DM 166 7 (9)
5%
Cercle Brugge 7 Hans Cornelis RB 142 4 (23)
5%
Royal Antwerp FC 10 Harald Pinxten CB 86 6 (3)
5%
RWD Molenbeek 7 Ilay Camara RB 22 3 (5)
5%
Beerschot VA 9 Ismaila Coulibaly CM 42 5 (2)
5%
KRC Genk 3 Jan Moons GK 185 1 (0)
5%
KV Mechelen 6 Jordi Vanlerberghe CB 142 9 (2)
5%
Beerschot VA 6 Joren Dom DM 54 7 (1)
5%
FC Brüssel 2 Julien Gorius CM 30 7 (2)
5%
FC Molenbeek Brüssel 1 Julien Gorius CM 62 7 (9)
5%
KRC Genk 7 Koen Daerden CM 160 24 (37)
5%
KAS Eupen 2 Konan N’Dri RW 101 9 (7)
5%
Sint-Truidense VV 3 Kris Buvens RM 194 28 (22)
5%
RWD Molenbeek 4 Makhtar Gueye ST 27 8 (1)
5%
RFC Seraing 3 Marius Mouandilmadji ST 57 13 (3)
5%
Zulte Waregem 9 Marvin Baudry CB 107 3 (2)
5%
Royal Excel Mouscron (-2022) 3 Mërgim Vojvoda RB 76 1 (3)
5%
KSC Lokeren (-2020) 3 Mijat Maric CB 202 29 (5)
5%
KVRS Waasland - SK Beveren 9 Milos Maric CM 67 5 (4)
5%
Beerschot VA 10 Mohamed Réda Halaïmia RB 41 0 (2)
5%
Oud-Heverlee Leuven 4 Mousa Tamari RW 87 10 (6)
5%
Royal Charleroi SC 6 Nicolas Penneteau GK 175 0 (0)
5%
KVC Westerlo 4 Nico Van Kerckhoven LB 139 1 (1)
5%
FCV Dender EH 1 Norman Sylla ST 62 15 (7)
5%
KSC Lokeren (-2020) 7 Olivier Doll CB 165 4 (3)
5%
FCV Dender EH 9 Paco Sanchez CM 32 2 (0)
5%
Sint-Truidense VV 1 Peter Delorge DM 311 9 (10)
5%
Beerschot VA 2 Ryan Sanusi DM 57 3 (5)
5%
Royal Antwerp FC 6 Stefan Leleu CB 109 4 (1)
5%
FC Molenbeek Brüssel 6 Steve Colpaert CB 45 2 (0)
5%
Zulte Waregem 4 Steve Colpaert CB 164 0 (1)
5%
Beerschot AC (-2013) 8 Stijn Stijnen GK 33 0 (0)
5%
Mouscron-Péruwelz 5 Thibaut Peyre CB 31 0 (1)
5%
Zulte Waregem 10 Tim Matthys RM 104 26 (12)
5%
Beerschot VA 2 Tom Pietermaat DM 57 0 (1)
5%
Royal Antwerp FC 7 Tony Sergeant CM 106 18 (11)
5%
Heusden-Zolder SK 9 Wilfried Delbroek CB 24 0 (0)
5%
RWD Molenbeek 6 Xavier Mercier AM 24 2 (3)
5%
RSC Anderlecht 9 Yari Verschaeren AM 148 20 (24)
5%
Royal Charleroi SC 9 Abdelmajid Oulmers LM 149 14 (14)
0%
AFC Tubize 2 Alan Haydock DM 32 1 (2)
0%
FC Brüssel 1 Alan Haydock DM 31 1 (0)
0%
FC Molenbeek Brüssel 9 Alan Haydock DM 30 0 (0)
0%
FC Molenbeek Brüssel Strombeek 2 Alan Haydock DM 31 1 (0)
0%
KVRS Waasland - SK Beveren 3 Aleksandar Vukotic CB 82 5 (0)
0%
RWD Molenbeek (- 2002) 3 Aleksandr Kolotilko ST 30 11 (9)
0%
RAEC Mons (-2015) 2 Alessandro Cordaro RW 105 4 (11)
0%
RAA La Louviere (- 2009) 5 Alexandre Bryssinck RB 79 0 (2)
0%
Excelsior Mouscron (-2009) 2 Alexandre Teklak RB 201 1 (1)
0%
Beerschot AC (-2013) 7 Alpaslan Öztürk CB 35 1 (1)
0%
KV Oostende (-2024) 7 Andile Jali DM 83 1 (4)
0%
KAS Eupen 10 Andreas Beck RB 77 2 (2)
0%
Mouscron-Péruwelz 2 Anice Badri ST 50 11 (7)
0%
Cercle Brugge 3 Anthony Portier CB 157 9 (3)
0%
KSV Roeselare (-2020) 10 Anthony Van Loo RB 63 0 (3)
0%
KV Oostende (-2024) 9 Anton Tanghe CB 81 1 (0)
0%
Lierse SK (-2018) 10 Archie Thompson ST 90 26 (11)
0%
KSK Beveren (-2010) 4 Armand Mahan LB 100 2 (4)
0%
KVC Westerlo 5 Bart Deelkens GK 132 0 (0)
0%
Mouscron-Péruwelz 10 Benjamin Delacourt CB 24 2 (0)
0%
RAEC Mons (-2015) 10 Benjamin Nicaise DM 72 4 (9)
0%
Royal Excel Mouscron (-2022) 4 Benjamin Van Durmen LM 67 3 (0)
0%
RWD Molenbeek (- 2002) 7 Bernard Allou RW 23 5 (0)
0%
Royal Antwerp FC 2 Bernt Evens LB 126 4 (7)
0%
Royal Charleroi SC 5 Bertrand Laquait GK 185 1 (0)
0%
FC Molenbeek Brüssel Strombeek 2 Bjørn Helge Riise CM 31 2 (3)
0%
FC Brüssel 10 Bojan Neziri LB 14 1 (1)
0%
Cercle Brugge 5 Bram Verbist GK 148 0 (0)
0%
Royal Excel Mouscron (-2022) 4 Bruno Godeau CB 67 3 (1)
0%
Oud-Heverlee Leuven 3 Casper De Norre DM 89 7 (12)
0%
FCV Dender EH 4 Cédric Berthelin GK 41 0 (0)
0%
RAEC Mons (-2015) 4 Cédric Berthelin GK 87 0 (0)
0%
KSV Roeselare (-2020) 6 Chemcedine El Araichi RB 80 1 (1)
0%
Excelsior Mouscron (-2009) 7 Christophe Grégoire LM 117 15 (30)
0%
KSK Beveren (-2010) 5 Constant Kaiper Kipre ST 89 19 (12)
0%
KSV Roeselare (-2020) 2 Daan Vaesen DM 91 7 (1)
0%
Excelsior Mouscron (-2009) 9 Daan Van Gijseghem CB 112 1 (2)
0%
KSV Roeselare (-2020) 3 Damir Mirvic CB 90 3 (2)
0%
KSC Eendracht Aalst 9 Damir Stojak ST 32 11 (2)
0%
Germinal Beerschot Antwerpen 3 Daniel Cruz AM 185 10 (19)
0%
KRC Harelbeke 1 Daniel Maes RB 31 1 (1)
0%
KFC Lommel SK (- 2003) 7 Daniel Scavone CB 41 1 (4)
0%
RAEC Mons (-2015) 9 Daré Nibombé CB 74 0 (0)
0%
KV Kortrijk 7 Darren Keet GK 114 0 (2)
0%
FCV Dender EH 2 David Destorme AM 48 14 (4)
0%
KSC Eendracht Aalst 6 David Van Hoyweghen CB 39 5 (1)
0%
KSK Beveren (-2010) 1 Davy Theunis DM 111 5 (3)
0%
Royal Excel Mouscron (-2022) 8 Deni Hocko DM 53 0 (1)
0%
Cercle Brugge 2 Denis Viane CB 199 1 (1)
0%
Heusden-Zolder SK 3 Dennis Souza CB 31 0 (0)
0%
KRC Harelbeke 8 Dennis Souza CB 21 0 (0)
0%
KFC Lommel SK (- 2003) 10 Didier Segers LB 34 1 (2)
0%
KFC Lommel SK (- 2003) 8 Dieter Dekelver ST 38 10 (1)
0%
FC Brüssel 7 Dieudonné Owona LB 17 0 (3)
0%
RWD Molenbeek (- 2002) 1 Dirk Van Oekelen CB 32 0 (2)
0%
Beerschot AC (-2013) 6 Dor Malul RB 37 1 (3)
0%
Sint-Truidense VV 5 Dusan Belic GK 138 0 (1)
0%
RWD Molenbeek (- 2002) 10 Edin Ramcic CB 22 1 (2)
0%
FC Molenbeek Brüssel 7 Fabrice Omonga Djadi CM 32 0 (1)
0%
RWD Molenbeek 5 Felipe Abner LB 25 0 (0)
0%
Mouscron-Péruwelz 9 Filip Markovic RW 25 3 (2)
0%
FC Brüssel 4 Flavien Le Postollec DM 25 0 (0)
0%
Mouscron-Péruwelz 10 François Marquet CM 24 0 (4)
0%
Royal Excel Mouscron (-2022) 6 Frank Boya DM 54 2 (2)
0%
Royal Charleroi SC 2 Frank Defays RB 257 10 (8)
0%
Beerschot AC (-2013) 10 Frédéric Brillant CB 28 1 (2)
0%
KAA Gent 1 Frédéric Herpoel GK 227 1 (0)
0%
RAEC Mons (-2015) 7 Frédéric Jay RB 85 2 (5)
0%
RAA La Louviere (- 2009) 3 Frédéric Tilmant ST 96 29 (13)
0%
KSV Roeselare (-2020) 7 Frédéric Vanderbiest DM 76 2 (5)
0%
Cercle Brugge 1 Frederik Boi RM 247 28 (17)
0%
FC Molenbeek Brüssel Strombeek 4 Fritz Emeran RB 26 1 (2)
0%
RAA La Louviere (- 2009) 6 George Blay RB 78 0 (3)
0%
KSC Eendracht Aalst 3 Georges Arts CB 51 2 (0)
0%
RFC Seraing 6 Gérald Kilota LB 41 1 (2)
0%
AFC Tubize 5 Grégoire Neels CB 28 1 (1)
0%
Royal Charleroi SC 10 Grégory Christ LM 146 7 (21)
0%
AFC Tubize 8 Gregory Dufer RW 26 6 (3)
0%
Beerschot AC (-2013) 5 Guillaume François RB 44 3 (4)
0%
Sint-Truidense VV 8 Gunter Verjans DM 112 3 (9)
0%
Lierse SK (-2018) 5 Hasan Kacic LB 104 0 (2)
0%
FCV Dender EH 10 Henri Munyaneza ST 31 9 (5)
0%
Beerschot AC (-2013) 4 Hernán Losada AM 48 15 (14)
0%
RAEC Mons (-2015) 3 Hocine Ragued DM 90 0 (5)
0%
RWD Molenbeek (- 2002) 3 Ibrahim Kargbo DM 30 0 (0)
0%
KFC Lommel SK (- 2003) 5 Ibrahim Tankary ST 49 15 (8)
0%
KAS Eupen 7 Isaac Nuhu LW 80 9 (6)
0%
Standard Liège 8 Ivica Dragutinovic CB 136 3 (15)
0%
RWD Molenbeek (- 2002) 7 Ivica Jarakovic ST 23 6 (4)
0%
AFC Tubize 5 Jason Vandelannoite RB 28 0 (1)
0%
Royal Charleroi SC 3 Javi Martos CB 193 0 (1)
0%
FC Brüssel 5 Jean-Paul Lutula FW 24 1 (5)
0%
Excelsior Mouscron (-2009) 6 Jean-Philippe Charlet CB 125 0 (5)
0%
KVC Westerlo 1 Jef Delen LB 341 29 (34)
0%
RWD Molenbeek 8 Jeff Reine-Adélaïde AM 20 1 (2)
0%
Cercle Brugge 9 Jimmy De Wulf CB 137 3 (0)
0%
Lierse SK (-2018) 4 Jonas De Roeck CB 105 8 (2)
0%
RWD Molenbeek (- 2002) 7 Jonathan Butera DM 23 2 (1)
0%
KAS Eupen 7 Jordi Amat CB 80 2 (2)
0%
KRC Harelbeke 4 Joris De Tollenaere ST 28 0 (0)
0%
AFC Tubize 8 Josip Barisic CB 26 0 (0)
0%
Mouscron-Péruwelz 3 Julian Michel CM 47 4 (9)
0%
KSV Roeselare (-2020) 1 Jurgen Sierens GK 138 1 (0)
0%
KVRS Waasland - SK Beveren 1 Jur Schryvers DM 89 3 (6)
0%
Germinal Beerschot Antwerpen 8 Justice Wamfor DM 111 2 (2)
0%
Oud-Heverlee Leuven 7 Karel Geraerts CM 79 13 (6)
0%
Lierse SK (-2018) 7 Karel Snoeckx RM 101 13 (14)
0%
KV Mechelen 7 Kenny Van Hoevelen CB 141 2 (4)
0%
Heusden-Zolder SK 7 Kevin Vanbeuren RB 27 0 (1)
0%
Excelsior Mouscron (-2009) 5 Koen De Vleeschauwer RM 133 13 (19)
0%
KSV Roeselare (-2020) 5 Koen De Vleeschauwer RM 83 12 (9)
0%
Germinal Beerschot Antwerpen 5 Kris De Wree RB 145 8 (7)
0%
RWD Molenbeek (- 2002) 5 Kris Temmerman DM 27 2 (1)
0%
KSC Eendracht Aalst 5 Kristof De Saedeleer CB 46 0 (1)
0%
Lierse SK (-2018) 2 Kristof Imschoot CM 111 14 (13)
0%
KSC Eendracht Aalst 2 Kristof Kestens DM 55 0 (0)
0%
KSK Beveren (-2010) 6 Kristof Lardenoit CB 82 1 (1)
0%
KRC Harelbeke 6 Kristof Sas CB 24 1 (1)
0%
FC Molenbeek Brüssel 10 Kristof Snelders CF 29 1 (2)
0%
FC Molenbeek Brüssel Strombeek 8 Kristof Snelders CF 23 3 (4)
0%
Germinal Beerschot Antwerpen 2 Kurt Van Dooren CB 199 2 (1)
0%
RWD Molenbeek (- 2002) 1 Laurent Fassotte CB 32 6 (2)
0%
FC Molenbeek Brüssel Strombeek 10 Laurent Wuillot CB 19 0 (0)
0%
Germinal Beerschot Antwerpen 4 Luciano GK 181 0 (2)
0%
Zulte Waregem 4 Ludwin Van Nieuwenhuyze DM 164 11 (4)
0%
KRC Harelbeke 9 Lukasz Kubik RM 20 3 (0)
0%
KSV Roeselare (-2020) 4 Mahamadou Dissa ST 86 26 (9)
0%
Royal Charleroi SC 1 Mahamoudou Kéré CB 271 8 (6)
0%
RAA La Louviere (- 2009) 8 Manasseh Ishiaku ST 74 18 (6)
0%
Excelsior Mouscron (-2009) 3 Marcin Zewlakow ST 160 65 (24)
0%
KVC Westerlo 3 Marc Wagemakers RB 158 7 (15)
0%
Lierse SK (-2018) 9 Marius Mitu CM 92 18 (29)
0%
RWD Molenbeek (- 2002) 10 Marius Mitu CM 22 2 (1)
0%
Royal Excel Mouscron (-2022) 6 Marko Bakic CM 54 4 (3)
0%
KFC Lommel SK (- 2003) 6 Mark Volders GK 43 0 (0)
0%
RFC Seraing 2 Marsoni Sambu RB 58 1 (2)
0%
Germinal Beerschot Antwerpen 9 Martijn Monteyne RB 110 1 (4)
0%
RFC Seraing 7 Mathieu Cachbach CM 40 0 (4)
0%
KV Mechelen 8 Maxime Biset CB 136 3 (0)
0%
KVRS Waasland - SK Beveren 6 Maximiliano Caufriez CB 73 1 (0)
0%
RAA La Louviere (- 2009) 7 Michael Klukowski LB 75 3 (8)
0%
KFC Lommel SK (- 2003) 9 Michel Noben CB 35 1 (0)
0%
KV Oostende (-2024) 6 Michiel Jonckheere CM 92 8 (6)
0%
RWD Molenbeek 10 Mickaël Biron ST 18 7 (1)
0%
Heusden-Zolder SK 4 Mike Origi ST 30 3 (1)
0%
RWD Molenbeek (- 2002) 6 Mike Origi ST 25 10 (4)
0%
KFC Lommel SK (- 2003) 1 Miroslaw Waligora ST 57 13 (4)
0%
KSK Beveren (-2010) 2 Mohamed Diallo AM 109 6 (8)
0%
RAEC Mons (-2015) 6 Mohamed Fadel Brahami RM 86 10 (11)
0%
Heusden-Zolder SK 7 Mohammed Barka RM 27 6 (4)
0%
RFC Seraing 1 Morgan Poaty LB 62 3 (2)
0%
KSK Beveren (-2010) 8 Moussa Sanogo ST 81 26 (16)
0%
AFC Tubize 1 Muscal Mvuezolo LB 33 0 (2)
0%
RAEC Mons (-2015) 4 Mustapha Alasan Jarju CF 87 18 (12)
0%
KV Kortrijk 6 Mustapha Oussalah LB 116 9 (6)
0%
KV Kortrijk 1 Nebojsa Pavlovic DM 189 12 (8)
0%
AFC Tubize 4 Nicolas Ardouin GK 29 0 (0)
0%
Royal Excel Mouscron (-2022) 9 Nikola Gulan DM 51 0 (3)
0%
Mouscron-Péruwelz 8 Noë Dussenne CB 28 6 (0)
0%
KRC Harelbeke 5 Ode Thompson ST 26 12 (3)
0%
Cercle Brugge 8 Oleg Iachtchouk LW 141 39 (29)
0%
Excelsior Mouscron (-2009) 8 Olivier Besengez CB 115 0 (2)
0%
RAA La Louviere (- 2009) 4 Olivier Guilmot CB 91 3 (2)
0%
KVRS Waasland - SK Beveren 7 Olivier Myny RW 70 8 (4)
0%
FC Brüssel 10 Olof Guterstam ST 14 4 (0)
0%
Royal Charleroi SC 7 Orlando ST 156 16 (15)
0%
RWD Molenbeek 9 Pathé Mboup LW 19 2 (2)
0%
Royal Antwerp FC 3 Patrick Goots ST 120 50 (26)
0%
FC Molenbeek Brüssel 4 Patrick Nys GK 54 0 (0)
0%
Beerschot AC (-2013) 10 Peter Van der Heyden LB 28 0 (1)
0%
Club Brugge KV 9 Peter Van der Heyden LB 175 8 (33)
0%
Germinal Beerschot Antwerpen 10 Philip Haagdoren RM 109 13 (22)
0%
Beerschot VA 5 Pierre Bourdin CB 56 3 (3)
0%
RWD Molenbeek 2 Pierre Dwomoh CM 28 1 (1)
0%
Oud-Heverlee Leuven 6 Pierre-Yves Ngawa CB 80 2 (1)
0%
Germinal Beerschot Antwerpen 1 Pieter-Jan Monteyne LB 298 4 (19)
0%
Mouscron-Péruwelz 6 Pieter-Jan Monteyne LB 29 0 (1)
0%
RAEC Mons (-2015) 8 Pieter-Jan Monteyne LB 83 3 (2)
0%
FCV Dender EH 5 Predrag Filipovic LB 40 0 (3)
0%
KVC Westerlo 9 Rachid Farssi LM 123 9 (13)
0%
FC Molenbeek Brüssel 1 Richard Culek DM 62 7 (3)
0%
FC Molenbeek Brüssel Strombeek 1 Richard Culek DM 32 10 (3)
0%
KFC Lommel SK (- 2003) 3 Richard Culek DM 52 8 (6)
0%
KV Oostende (-2024) 7 Robbie D'Haese RW 83 3 (3)
0%
RAEC Mons (-2015) 1 Roberto Mirri CB 119 2 (1)
0%
KSK Beveren (-2010) 8 Roméo Affessi AM 81 6 (4)
0%
RFC Seraing 8 Sami Lahssaini CM 37 0 (0)
0%
FC Molenbeek Brüssel Strombeek 5 Sammy Greven CB 24 0 (2)
0%
KSC Eendracht Aalst 8 Sammy Van Den Bossche RM 33 5 (4)
0%
FCV Dender EH 6 Samuel Neva CB 39 0 (0)
0%
KRC Harelbeke 9 Sébastien Nottebaert RB 20 0 (0)
0%
KV Oostende (-2024) 4 Sébastien Siani DM 131 17 (6)
0%
Cercle Brugge 10 Sergiy Serebrennikov CM 131 11 (4)
0%
Beerschot AC (-2013) 9 Sherjill MacDonald ST 29 7 (6)
0%
RWD Molenbeek 2 Shuto Abe CM 28 1 (1)
0%
KAS Eupen 1 Siebe Blondelle CB 108 4 (5)
0%
KVRS Waasland - SK Beveren 10 Siebe Blondelle CB 66 2 (3)
0%
KSV Roeselare (-2020) 8 Stefaan Tanghe AM 69 5 (5)
0%
Lierse SK (-2018) 3 Stef Wils CB 110 5 (5)
0%
Lierse SK (-2018) 6 Stein Huysegems ST 102 29 (16)
0%
KRC Harelbeke 7 Steve Barbé DM 23 0 (0)
0%
Excelsior Mouscron (-2009) 1 Steve Dugardein DM 215 22 (23)
0%
KRC Harelbeke 2 Steven Wostijn ST 30 5 (5)
0%
Heusden-Zolder SK 6 Stijn Haeldermans LW 29 0 (1)
0%
Zulte Waregem 8 Stijn Meert LM 117 17 (13)
0%
Zulte Waregem 7 Stijn Minne RB 132 1 (4)
0%
Mouscron-Péruwelz 1 Teddy Mezague CB 52 1 (2)
0%
RWD Molenbeek 1 Théo Defourny GK 30 0 (0)
0%
Oud-Heverlee Leuven 5 Thibault Vlietinck RB 81 2 (4)
0%
RAA La Louviere (- 2009) 1 Thierry Siquet CB 117 4 (1)
0%
Oud-Heverlee Leuven 9 Thomas Azevedo LW 70 3 (6)
0%
KRC Genk 10 Thomas Chatelle RW 146 13 (22)
0%
Lierse SK (-2018) 8 Thomas Wils CB 95 0 (1)
0%
KSC Eendracht Aalst 4 Tim Aelbrecht AM 49 6 (3)
0%
KSC Eendracht Aalst 9 Tim Reigel CM 32 1 (2)
0%
Beerschot AC (-2013) 2 Tomislav Mikulic CB 50 1 (1)
0%
Excelsior Mouscron (-2009) 10 Tonci Martic CM 106 11 (20)
0%
Germinal Beerschot Antwerpen 7 Tosin Dosunmu RW 118 34 (19)
0%
Mouscron-Péruwelz 4 Tristan Dingomé CM 44 3 (2)
0%
KAA Gent 8 Vadis Odjidja-Ofoe CM 114 10 (24)
0%
Mouscron-Péruwelz 10 Vagner GK 24 0 (0)
0%
FC Brüssel 9 Valeriy Sorokin RM 15 1 (2)
0%
Heusden-Zolder SK 9 Vincent Euvrard CB 24 1 (0)
0%
KRC Harelbeke 2 Vincent Lachambre LB 30 0 (1)
0%
AFC Tubize 7 Vittorio Villano LW 27 4 (5)
0%
KSC Eendracht Aalst 1 Vladan Kujovic GK 61 0 (1)
0%
Beerschot AC (-2013) 3 Vusumuzi Nyoni LM 49 4 (5)
0%
RSC Anderlecht 7 Walter Baseggio CM 158 32 (23)
0%
Beerschot AC (-2013) 1 Wim De Decker DM 51 2 (4)
0%
Germinal Beerschot Antwerpen 6 Wim De Decker DM 129 1 (1)
0%
KVC Westerlo 2 Wim Mennes DM 167 10 (12)
0%
KVC Westerlo 6 Wouter Corstjens CB 131 6 (2)
0%
FCV Dender EH 7 Wouter Degroote AM 35 1 (2)
0%
KV Mechelen 5 Xavier Chen RB #N/B 143 0 (9)
0%
RAA La Louviere (- 2009) 10 Yannick Vervalle LB 64 1 (6)
0%
KAA Gent 10 Yassine El Ghanassy LW 111 15 (17)
0%
AFC Tubize 10 Yohan Brouckaert RM 25 0 (3)
0%
RFC Seraing 10 Youssef Maziz AM 33 8 (9)
0%
KVC Westerlo 8 Yves De Winter GK 126 0 (0)
0%
RSC Anderlecht 8 Yves Vanderhaeghe DM 152 10 (10)
0%
Lierse SK (-2018) 1 Yves Van Der Straeten GK 127 0 (0)
0%
FC Molenbeek Brüssel Strombeek 5 Zézéto RW 24 1 (3)
0%
KSK Beveren (-2010) 6 Zézéto RW 82 23 (17)
0%
FC Brüssel 3 Zola Matumona LM 29 2 (0)
0%
FC Brüssel 7 Zoltán Pető CB 17 0 (0)
0%
FC Molenbeek Brüssel 3 Zoltán Pető CB 57 2 (2)
0%
No matching quizzes found
Score Distribution
Percent of People with Each Score
Percentile by Number Answered
Your Score History
You have not taken this quiz